Sustainable management of non-wood forest products : (proceedings of an international workshop held at Universiti Putra Malaysia, Serdang 14-17 October 1997)

Bibliographic Details
Corporate Author: International Workshop on the Sustainable Management of Non-Wood Forest Products (1997 : Serdang)
Other Authors: Mohd. Hamami Shari, Nair, M.N.B, Zaidon Ashaari
Format: Book
Published: Selangor : Universiti Putra Malaysia Press , 1998
Subjects:

MARC

LEADER 00000cam a2200000 7i4500
001 0000003227
005 20050323.0
020 0 0 |a 9839319469 
090 0 0 |a 634.98   |b SUS 
110 2 0 |a International Workshop on the Sustainable Management of Non-Wood Forest Products (1997 : Serdang). 
245 0 0 |a Sustainable management of non-wood forest products :   |b (proceedings of an international workshop held at Universiti Putra Malaysia, Serdang 14-17 October 1997)   |c editors M.N.B. Nair et. [al...] 
260 0 0 |a Selangor :   |b Universiti Putra Malaysia Press ,   |c 1998 
300 |a 327p. :   |b ill. ;   |c 25cm. 
650 0 0 |a Forest products industry   |x Congresses 
650 0 0 |a Forest products   |x Congresses 
650 0 0 |a Sustainable forestry   |x Congresses 
700 1 1 |a Mohd. Hamami Shari 
700 1 1 |a Nair, M.N.B. 
700 1 1 |a Zaidon Ashaari 
999 |a 0000006131   |b Monograph   |c Open Shelf   |e Default branch